Hyundai A-league Champions and Runners Up - Statistics

General Stats
  • This quiz has been taken 81 times
    64 since last reset
  • The average score is 15 of 22
Answer Stats
Hint Answer % Correct
Champions 2005-06 Sydney FC
87%
Runners Up 2006-07 Adelaide United
81%
Runners Up 2008-09 Adelaide United
81%
Champions 2010-11 Brisbane Roar
79%
Champions 2011-12 Brisbane Roar
79%
Champions 2013-14 Brisbane Roar
79%
Runners Up 2005-06 Central Coast Mariners
79%
Champions 2007-08 Newcastle Jets
79%
Runners Up 2010-11 Central Coast Mariners
77%
Runners Up 2007-08 Central Coast Mariners
74%
Runners Up 2011-12 Perth Glory
74%
Runners Up 2012-13 Western Sydney Wanderers
74%
Champions 2012-13 Central Coast Mariners
72%
Champions 2006-07 Melbourne Victory
70%
Champions 2008-09 Melbourne Victory
66%
Runners Up 2009-10 Melbourne Victory
66%
Champions 2009-10 Sydney FC
53%
Runners Up 2013-14 Western Sydney Wanderers
53%
Champions 2014-15 Melbourne Victory
51%
Runners Up 2014-15 Sydney FC
38%
Champions 2015-2016 Adelaide United
30%
Runners Up 2015-2016 Western Sydney Wanderers
28%
No matching quizzes found
Score Distribution
Percent of People with Each Score
Percentile by Number Answered
Your Score History
You have not taken this quiz since the last reset